Vitaminas: aportes

Salvato in:
Dettagli Bibliografici
Ente Autore: Servicio de Información de Nestlé (Autore)
Natura: Libro
Lingua:spagnolo
Pubblicazione: Santiago Servicio de Información de Nestlé 1997
Edizione:1a. ed
Serie:Nutrición
Soggetti:
Tags: Aggiungi Tag
Nessun Tag, puoi essere il primo ad aggiungerne!!

MARC

LEADER 00000cam a2200000 a 4500
001 UCC3931
003 CL-VaPUC
008 180622e19970900cl |||||||||||||||||spa|d
082 0 4 |a 613  |b SER  |2 21 
110 2 |a Servicio de Información de Nestlé  |e author  |9 598051 
245 1 0 |a Vitaminas: aportes 
250 |a 1a. ed 
300 |a 68 p 
942 |c BK 
945 |d 20180622 13:48:00  |a arojas 
260 |a Santiago  |b Servicio de Información de Nestlé  |c 1997 
650 0 |a Nutrición   |9 259434 
650 0 |a Vitaminas  |9 343802 
583 |a last modification  |c 20180622 13:48:00  |k Rodrigo Vera 
490 0 |a Nutrición 
999 |c 371578  |d 371576 
952 |0 0  |1 0  |3 erb  |4 0  |6 613_000000000000000_SER_1997  |7 0  |8 A  |9 488600  |a BIBALI  |b BIBALI  |c GEN  |i 5476240  |o 613 SER 1997  |p 5476240  |r 2025-01-20  |w 2019-11-24  |y BK  |z Catalogado en:20180622  |k ALI